000 00660nam a2200193Ia 4500
003 GCL
008 140319s9999 xx 000 0 ara d
040 _aGCL /
_cGCL
082 0 4 _a823.03
_bهـ ا
100 1 _aهاريس , توماس ا.
245 1 0 _aامرأة فاضلة (هدية من الاديب عبدالفتاح الجمل) /
_cهاريس , توماس ا.
700 1 _aسامى غنيم (ترجمة)
300 _a109 ص
490 _aروايات عالمية
_v0
650 0 4 _aالادب الامريكى المترجم
650 0 4 _aالادب العالمى المترجم
650 0 4 _aالقصص الامريكية
942 _2ddc
_cBK
999 _c40168
_d40168